Govt. of
Madhya Pradesh

Indian English Through Newspapers (Record no. 42818)

MARC details
000 -LEADER
fixed length control field 003370000a22001450004500
003 - CONTROL NUMBER IDENTIFIER
control field MACL
040 ## - CATALOGING SOURCE
Original cataloging agency MACL
090 ## - LOCALLY ASSIGNED LC-TYPE CALL NUMBER (OCLC); LOCAL CALL NUMBER (RLIN)
-- 43273
-- 43271
100 ## - MAIN ENTRY--PERSONAL NAME
Personal name Parhi, Dr Asima Ranjan
245 ## - TITLE STATEMENT
Title Indian English Through Newspapers
260 ## - PUBLICATION, DISTRIBUTION, ETC. (IMPRINT)
Name of publisher, distributor, etc. Concept Publishing Company
Date of publication, distribution, etc. 2008
350 ## - PRICE (NR) (BK AM CF MU VM SE) [OBSOLETE]
Price 700
650 ## - SUBJECT ADDED ENTRY--TOPICAL TERM
Topical term or geographic name as entry element Journalism
942 ## - ADDED ENTRY ELEMENTS (KOHA)
Koha item type Library Membar
Call number prefix 070/PAR
Holdings
Withdrawn status Lost status Source of classification or shelving scheme Damaged status Not for loan Home library Current library Date acquired Cost, normal purchase price Total Checkouts Full call number Barcode Date last seen Uniform Resource Identifier Price effective from Koha item type
          MACL MACL 27/06/2015 700.00   070/PAR CRE024732 02/05/2024 43096 15/04/2015 Books